[Event "South America-ch U18 16th"]
[Site "Buenos Aires"]
[Date "2019.12.02"]
[Round "3.3"]
[White "Flores Quillas, Diego Saul Rodrigo"]
[Black "Aguero Arce, Matias"]
[Result "1-0"]
[WhiteElo "2118"]
[BlackElo "2205"]
[PlyCount "79"]
[EventDate "2019.12.01"]
[EventType "swiss"]
[EventRounds "9"]
[EventCountry "ARG"]
[SourceTitle "EXT 2024"]
[Source "ChessBase"]
[SourceDate "2023.10.10"]
[SourceVersion "1"]
[SourceVersionDate "2023.10.10"]
[SourceQuality "1"]

1. e4 c5 2. Nf3 e6 3. d4 cxd4 4. Nxd4 a6 5. Bd3 Bc5 6. Nb3 Ba7 7. Nc3 Nc6 8. Qe2 d6 9. Be3 Nf6 10. Bxa7 Rxa7 11. f4 e5 12. f5 h5 13. 0-0-0 b5 14. Qf2 Rd7 15. Kb1 Ne7 16. a3 Bb7 17. Rhe1 Kf8 18. g3 Ng4 19. Qe2 Qb6 20. h3 Nf2 21. Rd2 Nxh3 22. Rh1 Ng5 23. Rxh5 Rxh5 24. Qxh5 Qg1+ 25. Ka2 Qxg3 26. Bxb5 axb5 27. Nc5 Rd8 28. Nxb7 Ra8 29. f6 Ng6 30. fxg7+ Kxg7 31. Nxd6 Qg1 32. Nf5+ Kg8 33. Qh6 Ne6 34. Nd5 Qg5 35. Nfe7+ Qxe7 36. Nxe7+ Nxe7 37. Qf6 Ng6 38. Rd7 Rf8 39. Rb7 Nc5 40. Rxf7 1-0

[Event "ARG-ch sf 94th"]
[Site "Buenos Aires"]
[Date "2019.04.03"]
[Round "5"]
[White "Fiorito, Joaquin"]
[Black "Aguero Arce, Matias"]
[Result "0-1"]
[WhiteElo "1747"]
[BlackElo "2190"]
[PlyCount "168"]
[EventDate "2019.03.30"]
[EventType "swiss"]
[EventRounds "9"]
[EventCountry "ARG"]
[SourceTitle "CBM 189 Extra"]
[Source "ChessBase"]
[SourceDate "2019.06.03"]
[SourceVersion "1"]
[SourceVersionDate "2019.06.03"]
[SourceQuality "1"]

1. d4 d5 2. Nf3 Nf6 3. Bf4 c5 4. c3 Nc6 5. e3 Bg4 6. Qb3 Na5 7. Qa4+ Bd7 8. Qc2 cxd4 9. exd4 e6 10. Bd3 Be7 11. h3 Rc8 12. 0-0 0-0 13. Qe2 a6 14. Ne5 Be8 15. Nd2 Qb6 16. Ndf3 Bb5 17. Bxb5 Qxb5 18. Qxb5 axb5 19. a3 Ne4 20. Nd2 Nd6 21. a4 Ndc4 22. axb5 Nxd2 23. Bxd2 Nb3 24. Rad1 Ra8 25. Nd3 Ra5 26. Nc1 Rxb5 27. Nxb3 Rxb3 28. Bc1 b5 29. Rfe1 b4 30. cxb4 Rxb4 31. Re2 Rfb8 32. Rc2 Bf6 33. Rcd2 Rc8 34. Rd3 Rxd4 35. Rxd4 Bxd4 36. b4 Rc2 37. Bd2 f5 38. Be1 Bb6 39. Ra1 Kf7 40. Ra6 Bd4 41. Kf1 Ke7 42. Ra3 h6 43. Rb3 Kd7 44. b5 Rb2 45. Rxb2 Bxb2 46. Ke2 Kc7 47. Ba5+ Kb7 48. f4 Bf6 49. Kd3 g5 50. g3 gxf4 51. gxf4 Be7 52. Kd4 Bd6 53. Ke3 Bc7 54. Bd2 Kb6 55. Kd4 Kxb5 56. Bc1 Kc6 57. Bd2 Kd6 58. Bb4+ Kd7 59. Bd2 Bd6 60. Be3 Ke7 61. h4 h5 62. Bd2 Kf6 63. Be3 Bb8 64. Kd3 Bc7 65. Bc1 Bb6 66. Bb2+ Kf7 67. Bc3 Bf2 68. Ke2 Bxh4 69. Kf3 Bf6 70. Be1 Ke7 71. Ke3 Kd6 72. Bb4+ Kc6 73. Be1 Kc5 74. Kd3 h4 75. Bf2+ Kd6 76. Ke3 d4+ 77. Kf3 Kd5 78. Be1 h3 79. Bg3 e5 80. Bh2 e4+ 81. Kf2 Bh4+ 82. Ke2 d3+ 83. Kd2 Bf2 84. Kc3 Be1+ 0-1

[Event "ARG-chT ART Semillero U21"]
[Site "Villa Martelli"]
[Date "2018.06.30"]
[Round "6.2"]
[White "Bobadilla Viera, Jorge Samuel"]
[Black "Aguero Arce, Matias"]
[Result "1-0"]
[WhiteElo "2329"]
[BlackElo "2177"]
[PlyCount "55"]
[EventDate "2018.06.02"]
[EventType "team-swiss"]
[EventRounds "6"]
[EventCountry "ARG"]
[SourceTitle "EXT 2019"]
[Source "ChessBase"]
[SourceDate "2018.10.10"]
[SourceVersion "1"]
[SourceVersionDate "2018.10.10"]
[SourceQuality "1"]
[WhiteTeam "Ushuaia Jaque Mate U21"]
[BlackTeam "Republica Martelli U21"]
[WhiteTeamCountry "ARG"]
[BlackTeamCountry "ARG"]

1. c4 c6 2. Nf3 d5 3. g3 Nf6 4. Bg2 g6 5. 0-0 Bg7 6. d4 dxc4 7. e3 Nbd7 8. Nfd2 0-0 9. Nxc4 Qc7 10. b3 Rd8 11. Ba3 Nb6 12. Nbd2 Bf5 13. Rc1 Rac8 14. Re1 Nxc4 15. Nxc4 Ne4 16. g4 Nxf2 17. Kxf2 Bd7 18. Bxe7 Re8 19. Bd6 Qd8 20. Bg3 Re6 21. Kg1 Qe7 22. e4 b5 23. Ne3 Qa3 24. Rc2 Rd8 25. d5 cxd5 26. Nxd5 Bc6 27. Qc1 Qa6 28. Rxc6 1-0

[Event "ARG-ch sf 93rd"]
[Site "Buenos Aires"]
[Date "2018.05.22"]
[Round "4"]
[White "Aguero Arce, Matias"]
[Black "Besso, Guadalupe"]
[Result "1/2-1/2"]
[WhiteElo "2200"]
[BlackElo "2032"]
[PlyCount "125"]
[EventDate "2018.05.19"]
[EventType "swiss"]
[EventRounds "9"]
[EventCountry "ARG"]
[SourceTitle "CBM 184 Extra"]
[Source "ChessBase"]
[SourceDate "2018.06.28"]
[SourceVersion "1"]
[SourceVersionDate "2018.06.28"]
[SourceQuality "1"]

1. d4 Nf6 2. Nf3 g6 3. g3 Bg7 4. Bg2 0-0 5. 0-0 c5 6. d5 d6 7. c4 e6 8. Nc3 exd5 9. cxd5 a6 10. a4 Nbd7 11. h3 Re8 12. Nd2 Qc7 13. Qc2 Rb8 14. a5 b5 15. axb6 Nxb6 16. Nb3 Bb7 17. Rd1 Re7 18. Na5 Rbe8 19. g4 Nfd7 20. Bf4 Be5 21. Bg5 Bf6 22. Bf4 Be5 23. Bxe5 Rxe5 24. Nxb7 Qxb7 25. Ne4 Nc8 26. e3 f5 27. gxf5 Rxf5 28. Ng3 Rf7 29. h4 Ref8 30. Rd2 Ne5 31. h5 Qd7 32. Ra4 c4 33. hxg6 hxg6 34. Rxa6 Nd3 35. Nh1 Nb4 36. Qxc4 Nxa6 37. Qxa6 Qc7 38. Qd3 Ne7 39. Rc2 Qa5 40. Ng3 Nf5 41. Qc3 Qxc3 42. bxc3 Nxg3 43. fxg3 Ra8 44. c4 Ra1+ 45. Kh2 Rh7+ 46. Bh3 Re1 47. Kg2 Rxe3 48. Be6+ Kh8 49. c5 dxc5 50. Rxc5 Re7 51. Rc6 Kg7 52. Bg4 Rd3 53. d6 Re4 54. Bf3 Red4 55. Rc7+ Kf6 56. d7 Rxd7 57. Rc6+ R7d6 58. Rc5 Ra3 59. Be4 Re6 60. Rc4 Rd6 61. Rc5 Rb6 62. Bc2 Raa6 63. Be4 1/2-1/2

[Event "ARG-ch U18"]
[Site "Villa Martelli"]
[Date "2018.02.13"]
[Round "9.2"]
[White "Leto, Enzo"]
[Black "Aguero Arce, Matias"]
[Result "1/2-1/2"]
[WhiteElo "2082"]
[BlackElo "2216"]
[PlyCount "62"]
[EventDate "2018.02.09"]
[EventType "swiss"]
[EventRounds "9"]
[EventCountry "ARG"]
[SourceTitle "EXT 2024"]
[Source "ChessBase"]
[SourceDate "2023.10.10"]
[SourceVersion "1"]
[SourceVersionDate "2023.10.10"]
[SourceQuality "1"]

1. d4 Nf6 2. c4 c5 3. d5 e6 4. Nc3 exd5 5. cxd5 Bd6 6. Nf3 0-0 7. g3 Bc7 8. Bg2 d6 9. 0-0 a6 10. a4 Re8 11. Qd3 Nbd7 12. e4 Rb8 13. Re1 Nf8 14. Bg5 h6 15. Bxf6 Qxf6 16. e5 dxe5 17. Ne4 Qd8 18. Nxc5 b6 19. Ne4 Bb7 20. Rac1 Bd6 21. Nxd6 Qxd6 22. Nd2 Nd7 23. Nc4 Qb4 24. Qf5 Rbd8 25. Nxe5 Rxe5 26. Rxe5 Nxe5 27. Qxe5 Qxa4 28. Qe7 Qd7 29. Qe5 Qd6 30. Qd4 a5 31. h3 Rd7 1/2-1/2

[Event "World ol U16"]
[Site "Ahmedabad"]
[Date "2017.12.17"]
[Round "8.4"]
[White "Bekturov, Tamerlan"]
[Black "Aguero Arce, Matias"]
[Result "1-0"]
[WhiteElo "2222"]
[BlackElo "2203"]
[PlyCount "63"]
[EventDate "2017.12.11"]
[EventType "team-swiss"]
[EventRounds "9"]
[EventCountry "IND"]
[SourceTitle "CBM 182 Extra"]
[Source "ChessBase"]
[SourceDate "2018.02.23"]
[SourceVersion "1"]
[SourceVersionDate "2018.02.23"]
[SourceQuality "1"]
[WhiteTeam "Kazakhstan"]
[BlackTeam "Argentina"]
[WhiteTeamCountry "KAZ"]
[BlackTeamCountry "ARG"]

1. d4 d5 2. c4 c6 3. cxd5 cxd5 4. Bf4 Nf6 5. e3 Nc6 6. Nc3 Bf5 7. Qb3 Na5 8. Qa4+ Bd7 9. Qc2 Rc8 10. Bd3 b5 11. a3 e6 12. Nf3 Nc4 13. 0-0 Be7 14. h3 h6 15. Ne5 a6 16. Qe2 Qb6 17. Rfc1 0-0 18. a4 Nxe5 19. dxe5 Ne4 20. Nxe4 dxe4 21. Bxe4 bxa4 22. Qg4 Rxc1+ 23. Rxc1 Qxb2 24. Rd1 Bb5 25. Rd4 Qe2 26. Bf3 Qc2 27. Be4 Qc7 28. Qh5 Re8 29. Bxh6 Bf8 30. Bh7+ Kh8 31. Bg5 Be2 32. g4 1-0

[Event "World ol U16"]
[Site "Ahmedabad"]
[Date "2017.12.14"]
[Round "5.4"]
[White "Aguero Arce, Matias"]
[Black "Chuensuwonkul, Pariyakul"]
[Result "1-0"]
[WhiteElo "2203"]
[BlackElo "1373"]
[PlyCount "37"]
[EventDate "2017.12.11"]
[EventType "team-swiss"]
[EventRounds "9"]
[EventCountry "IND"]
[SourceTitle "CBM 182 Extra"]
[Source "ChessBase"]
[SourceDate "2018.02.23"]
[SourceVersion "1"]
[SourceVersionDate "2018.02.23"]
[SourceQuality "1"]
[WhiteTeam "Argentina"]
[BlackTeam "Thailand"]
[WhiteTeamCountry "ARG"]
[BlackTeamCountry "THA"]

1. d4 d5 2. Nf3 Nf6 3. c4 e6 4. Nc3 Be7 5. Bf4 0-0 6. e3 c5 7. a3 Nc6 8. dxc5 Bxc5 9. Qc2 dxc4 10. Bxc4 Qe7 11. Bg5 h6 12. Bh4 Nb8 13. e4 e5 14. Nd5 Qd6 15. Rd1 Nxd5 16. Rxd5 Qc7 17. Rxc5 Nc6 18. 0-0 b6 19. Rxc6 1-0

[Event "Lizarraga Memorial op"]
[Site "Argentina"]
[Date "2017.07.09"]
[Round "4.1"]
[White "Leskovar, Mario Leopoldo"]
[Black "Aguero Arce, Matias"]
[Result "1-0"]
[WhiteElo "2274"]
[BlackElo "2190"]
[PlyCount "101"]
[EventDate "2017.07.08"]
[EventType "swiss"]
[EventRounds "6"]
[EventCountry "ARG"]
[SourceTitle "EXT 2024"]
[Source "ChessBase"]
[SourceDate "2023.10.10"]
[SourceVersion "1"]
[SourceVersionDate "2023.10.10"]
[SourceQuality "1"]

1. e4 c5 2. Nf3 e6 3. g3 Nc6 4. Bg2 a6 5. 0-0 Nge7 6. Re1 d6 7. c3 g6 8. d4 cxd4 9. cxd4 d5 10. exd5 Nxd5 11. Nc3 Nce7 12. Bg5 f6 13. Bd2 Bg7 14. Bh3 Kf7 15. Qe2 Nc7 16. Rac1 Re8 17. Bf4 Ned5 18. Bxc7 Nxc7 19. Qe4 Rb8 20. Qf4 Bd7 21. Ne5+ Kg8 22. Nxd7 Qxd7 23. Ne4 Nd5 24. Qd6 Qf7 25. Nc5 f5 26. Nxe6 Nf6 27. Rc7 Qf8 28. Nxf8 Rxe1+ 29. Bf1 Rxf8 30. Kg2 Kh8 31. Bc4 Nh5 32. Rxb7 Re4 33. Rb8 Ree8 34. Rxe8 Rxe8 35. Be2 Nf6 36. Bf3 a5 37. Bc6 Rf8 38. Qc7 Ng4 39. h3 Nh6 40. d5 Bxb2 41. Qe7 Bg7 42. d6 Ng8 43. Qc7 Bf6 44. Qxa5 f4 45. g4 h5 46. g5 Bd8 47. Qe5+ Kh7 48. Be4 f3+ 49. Kg3 Rf7 50. Qe8 h4+ 51. Kh2 1-0

[Event "Lizarraga Memorial op"]
[Site "Argentina"]
[Date "2017.07.08"]
[Round "1.6"]
[White "Fernandez, Antonio Omar"]
[Black "Aguero Arce, Matias"]
[Result "0-1"]
[WhiteElo "1583"]
[BlackElo "2190"]
[PlyCount "52"]
[EventDate "2017.07.08"]
[EventType "swiss"]
[EventRounds "6"]
[EventCountry "ARG"]
[SourceTitle "EXT 2024"]
[Source "ChessBase"]
[SourceDate "2023.10.10"]
[SourceVersion "1"]
[SourceVersionDate "2023.10.10"]
[SourceQuality "1"]

1. Nf3 d5 2. e4 dxe4 3. Ng5 Qd5 4. d3 exd3 5. Bxd3 Nf6 6. 0-0 e6 7. Nc3 Qd8 8. Qe2 Be7 9. Be3 Nbd7 10. Rad1 c6 11. Bc4 0-0 12. Rfe1 h6 13. Nf3 Qc7 14. Bc1 Nb6 15. Bb3 a5 16. Be3 Nbd5 17. Nxd5 cxd5 18. c3 a4 19. Bc2 a3 20. Bb3 Ne4 21. Bd4 Bf6 22. Bxf6 Nxf6 23. Nd4 Bd7 24. bxa3 Qxc3 25. Nb5 Bxb5 26. Qxb5 Ne4 0-1

[Event "Villa Martelli zt 2.5"]
[Site "Villa Martelli"]
[Date "2017.05.08"]
[Round "9"]
[White "Aguero Arce, Matias"]
[Black "Zacarias Martinez, Ruben David"]
[Result "0-1"]
[WhiteElo "2124"]
[BlackElo "2188"]
[PlyCount "112"]
[EventDate "2017.04.30"]
[EventType "swiss"]
[EventRounds "9"]
[EventCountry "ARG"]
[SourceTitle "CBM 178 Extra"]
[Source "ChessBase"]
[SourceDate "2017.06.22"]
[SourceVersion "1"]
[SourceVersionDate "2017.06.22"]
[SourceQuality "1"]

1. d4 Nf6 2. Nf3 e6 3. c4 Bb4+ 4. Nbd2 b6 5. a3 Bxd2+ 6. Bxd2 Bb7 7. g3 0-0 8. Bg2 d6 9. 0-0 Nbd7 10. Bc3 Qe7 11. b4 c5 12. Qb3 Be4 13. Rfd1 Rac8 14. dxc5 bxc5 15. b5 d5 16. e3 Nb6 17. Ne5 dxc4 18. Nxc4 Bxg2 19. Kxg2 Nxc4 20. Bxf6 Nxe3+ 21. Qxe3 Qxf6 22. Rac1 Qe7 23. Rc4 Qb7+ 24. Kg1 Qxb5 25. Rdc1 Rfd8 26. Rxc5 Rxc5 27. Rxc5 Rd1+ 28. Kg2 Qf1+ 29. Kf3 h6 30. Kg4 Rd3 31. Qf4 f5+ 32. Kh5 Kh7 33. Rc7 Qh3+ 34. Qh4 Qxh4+ 35. Kxh4 Rxa3 36. Re7 Ra2 37. h3 Rxf2 38. Rxa7 Kg6 39. g4 f4 40. Ra5 Rg2 41. Ra4 Rf2 42. Ra5 Kf6 43. g5+ hxg5+ 44. Rxg5 Rf3 45. Rg2 g5+ 46. Kg4 Rg3+ 47. Rxg3 fxg3 48. Kxg3 Kf5 49. Kf3 e5 50. Ke3 e4 51. Ke2 Kf4 52. Kf2 e3+ 53. Ke2 Ke4 54. Ke1 Kf3 55. Kf1 e2+ 56. Ke1 Ke3 0-1

[Event "Pan American-ch U16 27th"]
[Site "Montevideo"]
[Date "2016.07.30"]
[Round "8"]
[White "Miyasaka, Matthew Shoji"]
[Black "Aguero Arce, Matias"]
[Result "1-0"]
[WhiteElo "1971"]
[BlackElo "2079"]
[PlyCount "91"]
[EventDate "2016.07.25"]
[EventType "swiss"]
[EventRounds "9"]
[EventCountry "URU"]
[SourceTitle "EXT 2017"]
[Source "ChessBase"]
[SourceDate "2016.10.25"]
[SourceVersion "1"]
[SourceVersionDate "2016.10.25"]
[SourceQuality "1"]

1. e4 c5 2. Nf3 e6 3. d4 cxd4 4. Nxd4 a6 5. Bd3 Bc5 6. Nb3 Ba7 7. Qe2 d6 8. Be3 Nf6 9. 0-0 Nc6 10. c4 e5 11. Nc3 Nd4 12. Bxd4 exd4 13. e5 Bg4 14. Qe1 dxe5 15. Qxe5+ Qe7 16. Rfe1 Qxe5 17. Rxe5+ Kf8 18. Ne4 Nd7 19. Rg5 f5 20. Nd6 h6 21. Rxf5+ Bxf5 22. Bxf5 Ne5 23. Re1 g6 24. Rxe5 gxf5 25. c5 Rd8 26. Rxf5+ Ke7 27. Rf7+ Ke6 28. Rxb7 Bxc5 29. Nf7 Be7 30. Nxh8 Rxh8 31. Nxd4+ Kf6 32. Rb6+ Kf7 33. Nf5 Bf6 34. g3 a5 35. Nd6+ Kg7 36. b3 Ra8 37. Nf5+ Kg6 38. Nxh6 Kxh6 39. Rxf6+ Kg5 40. Rf4 Rd8 41. Ra4 Rd5 42. b4 axb4 43. Rxb4 Rd1+ 44. Kg2 Ra1 45. h4+ Kg6 46. Ra4 1-0